Central Library OPAC University of Rajshahi

Death of the hero : (Record no. 71209)

MARC details
000 -LEADER
fixed length control field 00665nam a2200217 a 4500
001 - CONTROL NUMBER
control field 71209
003 - CONTROL NUMBER IDENTIFIER
rucl marc code BD-RjUL
005 - DATE AND TIME OF LATEST TRANSACTION
control field 20211209082105.0
008 - FIXED-LENGTH DATA ELEMENTS--GENERAL INFORMATION
fixed length control field 170429s1960 it b 00010 eng d
035 ## - SYSTEM CONTROL NUMBER
System control number (BD-RjUL)71424
040 ## - CATALOGING SOURCE
Original cataloging agency VFIT
Transcribing agency VFIT
Language of cataloging eng
Modifying agency BD-RjUL
041 ## - LANGUAGE CODE
Language code of text/sound track or separate title eng
082 0# - DEWEY DECIMAL CLASSIFICATION NUMBER
Edition number 23
Classification number 759.4
Author mark and year LID 1960
100 1# - MAIN ENTRY--PERSONAL NAME
Personal name Lindsay, Jack
Dates associated with a name 1900-1990
9 (RLIN) 210673
245 10 - TITLE STATEMENT
Title Death of the hero :
Remainder of title French painting from David to Delacroix /
Statement of responsibility, etc. Jack Lindsay.
260 ## - PUBLICATION, DISTRIBUTION, ETC. (IMPRINT)
Place of publication, distribution, etc. London :
Name of publisher, distributor, etc. Studio,
Date of publication, distribution, etc. c1960.
300 ## - PHYSICAL DESCRIPTION
Pagination 185 p., [40] p. of plates :
Illustrations ill. ;
Size 24 cm.
504 ## - BIBLIOGRAPHY, ETC. NOTE
Bibliography, etc Bibliography: p. 181-184.
650 #0 - SUBJECT ADDED ENTRY--TOPICAL TERM
Topical term or geographic name as entry element Painting, French
General subdivision History.
9 (RLIN) 210674
942 ## - ADDED ENTRY ELEMENTS (KOHA)
Source of classification or shelving scheme Dewey Decimal Classification
Koha item type Books
Holdings
Lost status Source of classification or shelving scheme Damaged status Not for loan Collection code Permanent Location Current Location Shelving location Date acquired Source of acquisition Cost, normal purchase price Total Checkouts Full call number Date last seen Copy number Koha item type
  Dewey Decimal Classification   Not For Loan Non-fiction Central Library, University of Rajshahi Central Library, University of Rajshahi Reading Room 11/09/1990 Shawkat osman 0.00   759.4 LID 1960 29/04/2017 C-1 Books